Complex variables and the Laplace transform for engineers (Record no. 13856)

000 -LEADER
fixed length control field 00606nam a22002051 4500
001 - CONTROL NUMBER
control field 13856
003 - CONTROL NUMBER IDENTIFIER
control field BD-DhUET
008 - FIXED-LENGTH DATA ELEMENTS--GENERAL INFORMATION
fixed length control field 840622s1961 nyua b 000 0 eng
040 ## - CATALOGING SOURCE
Original cataloging agency DLC
Transcribing agency DLC
Modifying agency BD-DhUET
082 00 - DEWEY DECIMAL CLASSIFICATION NUMBER
Classification number 517.862
Item number LEP/1961
100 ## - MAIN ENTRY--PERSONAL NAME
Personal name LePage, Wilbur R.
245 10 - TITLE STATEMENT
Title Complex variables and the Laplace transform for engineers
250 ## - EDITION STATEMENT
Edition statement 1st ed.
260 ## - PUBLICATION, DISTRIBUTION, ETC. (IMPRINT)
Place of publication, distribution, etc. Bombay
Name of publisher, distributor, etc. McGraw-Hill
Date of publication, distribution, etc. 1961
300 ## - PHYSICAL DESCRIPTION
Extent xvi, 475 p.
Other physical details ill.
Dimensions 24 cm.
490 ## - SERIES STATEMENT
Series statement International series in pure and applied mathematics
504 ## - BIBLIOGRAPHY, ETC. NOTE
Bibliography, etc Includes bibliographies
650 #0 - SUBJECT ADDED ENTRY--TOPICAL TERM
Topical term or geographic name as entry element Calculus - Complex variables
942 ## - ADDED ENTRY ELEMENTS (KOHA)
Koha item type General Book
Holdings
Piece designation (barcode) Price effective from Source of classification or shelving scheme Damaged status Copy number Date acquired Withdrawn status Not for loan Koha date last seen Lost status Shelving location Koha item type Location (home branch) Sublocation or collection (holding branch) Koha full call number Koha normalized classification for sorting
401162015-03-05  12015-03-05  2015-03-05 Circulation sectionGeneral BookCentral Library, BUETCentral Library, BUET517.862/LEP/1961517_862000000000000_LEP_1961
243852015-03-05  22015-03-05  2015-03-05 Circulation sectionGeneral BookCentral Library, BUETCentral Library, BUET517.862/LEP/1961517_862000000000000_LEP_1961
63742015-03-07  32015-03-07  2015-03-07 Circulation sectionGeneral BookCentral Library, BUETCentral Library, BUET517.862/LEP/1961517_862000000000000_LEP_1961
510272015-03-07  42015-03-07  2015-03-07 Circulation sectionGeneral BookCentral Library, BUETCentral Library, BUET517.862/LEP/1961517_862000000000000_LEP_1961
209632015-03-07  52015-03-07  2015-03-07 Circulation sectionGeneral BookCentral Library, BUETCentral Library, BUET517.862/LEP/1961517_862000000000000_LEP_1961
426592015-03-07  62015-03-07  2015-03-07 Circulation sectionGeneral BookCentral Library, BUETCentral Library, BUET517.862/LEP/1961517_862000000000000_LEP_1961
401152015-03-07  72015-03-07  2015-03-07 Circulation sectionGeneral BookCentral Library, BUETCentral Library, BUET517.862/LEP/1961517_862000000000000_LEP_1961
396712015-03-07  82015-03-07  2015-03-07 Circulation sectionGeneral BookCentral Library, BUETCentral Library, BUET517.862/LEP/1961517_862000000000000_LEP_1961
396702015-03-07  92015-03-07  2015-03-07 Circulation sectionGeneral BookCentral Library, BUETCentral Library, BUET517.862/LEP/1961517_862000000000000_LEP_1961
426602015-03-07  102015-03-07  2015-03-07 Circulation sectionGeneral BookCentral Library, BUETCentral Library, BUET517.862/LEP/1961517_862000000000000_LEP_1961
426612015-03-09  112015-03-09  2015-03-09 Circulation sectionGeneral BookCentral Library, BUETCentral Library, BUET517.862/LEP/1961517_862000000000000_LEP_1961
510262015-03-09  122015-03-09  2015-03-09 Circulation sectionGeneral BookCentral Library, BUETCentral Library, BUET517.862/LEP/1961517_862000000000000_LEP_1961
20392015-05-03  132015-05-03  2015-05-03 Circulation sectionGeneral BookCentral Library, BUETCentral Library, BUET517.862/LEP/1961517_862000000000000_LEP_1961
63752015-05-03  142015-05-03  2015-05-03 Circulation sectionGeneral BookCentral Library, BUETCentral Library, BUET517.862/LEP/1961517_862000000000000_LEP_1961
20412015-05-03  152015-05-03  2015-05-03 Circulation sectionGeneral BookCentral Library, BUETCentral Library, BUET517.862/LEP/1961517_862000000000000_LEP_1961
20402015-05-03  162015-05-03  2015-05-03 Circulation sectionGeneral BookCentral Library, BUETCentral Library, BUET517.862/LEP/1961517_862000000000000_LEP_1961